000
00313nam a2200109Ia 4500
008
200302s9999 xx 000 0 und d
100
_a
Elite Kedan jon Dreyfous
245
_a
Provisional Emerging Modes of Architectural Practice U S A
260
_b
Princeton Architectural Press
260
_c
2010
300
_a
288 P.,
999
_c
2737
_d
2737